Online katalóg knižníc regiónu Turca

Žarty a rozmary (Record no. 20455)

MARC details
000 -LEADER
fixed length control field 01638cam a2200445 a 4500
001 - CONTROL NUMBER
control field 20455
003 - CONTROL NUMBER IDENTIFIER
control field VRT
005 - DATE AND TIME OF LATEST TRANSACTION
control field 20260122142611.0
008 - FIXED-LENGTH DATA ELEMENTS--GENERAL INFORMATION
fixed length control field 240226s1999 xo gr 000 j slo
015 ## - NATIONAL BIBLIOGRAPHY NUMBER
National bibliography number SNBA2004/03-02114
020 ## - INTERNATIONAL STANDARD BOOK NUMBER
International Standard Book Number 8088834465
035 ## - SYSTEM CONTROL NUMBER
System control number SNK000406355
035 ## - SYSTEM CONTROL NUMBER
System control number urn:nbn:sk:snk-am3iwji
035 ## - SYSTEM CONTROL NUMBER
System control number FC8FE8F9-B420-4DCA-A395-00DD13CC3333
035 ## - SYSTEM CONTROL NUMBER
System control number urn:nbn:sk:snk-am00g5wz
039 #9 - LEVEL OF BIBLIOGRAPHIC CONTROL AND CODING DETAIL [OBSOLETE]
Level of rules in bibliographic description 202402262143
Level of effort used to assign nonsubject heading access points VLOAD
Level of effort used to assign subject headings 202205110850
Level of effort used to assign classification VLOAD
Level of effort used to assign subject headings 202201070905
Level of effort used to assign classification VLOAD
Level of effort used to assign subject headings 202201051654
Level of effort used to assign classification VLOAD
040 ## - CATALOGING SOURCE
Original cataloging agency SNK
Language of cataloging slo
Transcribing agency SNK
Description conventions AACR2
041 0# - LANGUAGE CODE
Language code of text/sound track or separate title slo
044 ## - COUNTRY OF PUBLISHING/PRODUCING ENTITY CODE
MARC country code xo
ISO country code SK
072 #7 - SUBJECT CATEGORY CODE
Subject category code 821.162.4-3
Subject category code subdivision Slovenská próza
Source konspekt
080 ## - UNIVERSAL DECIMAL CLASSIFICATION NUMBER
Universal Decimal Classification number 821.162.4-32
Edition identifier 2011
080 ## - UNIVERSAL DECIMAL CLASSIFICATION NUMBER
Universal Decimal Classification number (082.21)
Edition identifier 2011
100 1# - MAIN ENTRY--PERSONAL NAME
Personal name Zechenter-Laskomerský, Gustáv Kazimír,
Dates associated with a name 1824-1908
Relationship aut
245 10 - TITLE STATEMENT
Title Žarty a rozmary
Remainder of title výber z tvorby
Statement of responsibility, etc. Gustáv Kazimír Zechenter-Laskomerský, Ľudovít Kubáni
260 ## - PUBLICATION, DISTRIBUTION, ETC.
Place of publication, distribution, etc. Rohovce
Name of publisher, distributor, etc. Interpopulart Slovakia
Date of publication, distribution, etc. [1999]
300 ## - PHYSICAL DESCRIPTION
Extent 129 strán
Dimensions 21 cm
490 1# - SERIES STATEMENT
Series statement Populart. Slovenská romanticko-realistická literatúra
490 1# - SERIES STATEMENT
Series statement Študentská knižnica
Volume/sequential designation 47.
655 #7 - INDEX TERM--GENRE/FORM
Genre/form data or focus term slovenské poviedky
Source of term SNKPH
655 #7 - INDEX TERM--GENRE/FORM
Genre/form data or focus term výbery
Source of term SNKPH
700 1# - ADDED ENTRY--PERSONAL NAME
Personal name Kubáni, Ľudovít,
Dates associated with a name 1830-1869
Relationship aut
830 #0 - SERIES ADDED ENTRY--UNIFORM TITLE
Uniform title Populart
Name of part/section of a work Slovenská romanticko-realistická literatúra
830 #0 - SERIES ADDED ENTRY--UNIFORM TITLE
Uniform title Študentská knižnica
910 ## - USER-OPTION DATA (OCLC)
User-option data snk
942 ## - ADDED ENTRY ELEMENTS (KOHA)
Source of classification or shelving scheme Dewey Decimal Classification
Koha item type Krásna literatúra pre dospelých
Suppress in OPAC No
949 ## - LOCAL PROCESSING INFORMATION (OCLC)
6 270001000003164
a svkbbA 94683
p 612.598
949 ## - LOCAL PROCESSING INFORMATION (OCLC)
6 270001000003165
a svkbbA 94683
p 612.597
949 ## - LOCAL PROCESSING INFORMATION (OCLC)
6 270001000003163
a svkbbA 94683
p 613.245
949 ## - LOCAL PROCESSING INFORMATION (OCLC)
6 17A0378276
9 P60, <03>, [BOOK], {603}
a snkSC 111126
b snkKSP 4121/2003
s 6100:20210419
Holdings
Stav vyradenia Strata Poškodenie Spôsob nadobudnutia Domovská knižnica Aktuálna knižnica Dátum nadobudnutia Total checkouts Čiarový kód exemplára Date last seen Typ exemplára
      Dar Obecná knižnica Horná Štubňa Obecná knižnica Horná Štubňa 22.01.2026   8088834465 22.01.2026 Krásna literatúra pre dospelých
Projekt je podporený Slovenskou asociáciou knižníc
Prevádzkuje Turčianska knižnica Martin 2026